| 000 | 00428cam a2200181ua 4500 | ||
|---|---|---|---|
| 020 | _c25.00 | ||
| 041 |
_aeng _h |
||
| 082 |
_a537 _bNEW/EL |
||
| 100 | _aNewton, J . | ||
| 245 |
_aElectricity and magnetism / _cJ.Newton. _hTextual Documents |
||
| 250 |
_a1 / _b. |
||
| 260 |
_a : _bSir Isaac Pitman & Sons Ltd , _c1956. |
||
| 300 | _a613 ; . | ||
| 365 | _a25.00 | ||
| 504 | _a | ||
| 942 | _cBK | ||
| 999 |
_c1839 _d1839 |
||